[Event "Challenge"]
[Site "http://www.queenalice.com/game.php?id=327264"]
[Date "2007.12.28"]
[Round "-"]
[White "kierm"]
[Black "patoche"]
[Result "0-1"]
[WhiteElo "1493"]
[BlackElo "2090"]

1. e4 Nc6 2. d4 d5 3. e5 f6 4. h3 fxe5 5. Bb5 exd4 6. Bxc6+ bxc6 7. Qxd4 Nf6 8.
Nf3 e6 9. Bg5 c5 10. Qc3 Be7 11. O-O O-O 12. Nbd2 Bd6 13. a3 Qe8 14. Rfe1 Qg6
15. Bxf6 gxf6 16. Qe3 Bd7 17. Kh1 Rae8 18. Rac1 e5 19. Nh4 Qg5 20. Nhf3 Qh5 21.
Nh2 f5 22. Qg3+ Kh8 23. Qd3 c6 24. Qc3 f4 25. f3 Qg6 26. Nb3 c4 27. Nd2 Rg8 28.
Re2 Bc5 29. Rxe5 Qxg2# 0-1

[Event "AUTO-OPEN-1047"]
[Site "http://www.queenalice.com/game.php?id=367736"]
[Date "2008.3.8"]
[Round "1"]
[White "quena"]
[Black "kierm"]
[Result "0-1"]
[WhiteElo "1380"]
[BlackElo "1601"]

1. e4 e5 2. Nc3 d6 3. Nd5 Be6 4. Bc4 c6 5. Ne3 Bxc4 6. Nxc4 Nf6 7. Nf3 Be7 8.
O-O Nxe4 9. d3 Nf6 10. Be3 d5 11. Nfxe5 O-O 12. Nd2 Bd6 13. d4 Qb6 14. Bg5 Nfd7
15. Ndf3 f6 16. Nh4 fxg5 17. Nxd7 Nxd7 18. Nf3 g4 19. Nh4 Nf6 20. Nf5 Qc7 21. b3
Bxh2+ 22. Kh1 Ne4 23. c4 Bf4 24. cxd5 cxd5 25. Qxg4 Nf6 26. Rae1 Nxg4 27. f3
Rxf5 0-1

[Event "AUTO-OPEN-1047"]
[Site "http://www.queenalice.com/game.php?id=367737"]
[Date "2008.3.8"]
[Round "1"]
[White "kierm"]
[Black "quena"]
[Result "1-0"]
[WhiteElo "1605"]
[BlackElo "1369"]

1. e4 Nc6 2. Bc4 Nf6 3. d3 e6 4. Bg5 d5 5. exd5 Ne5 6. Bb3 Be7 7. dxe6 Bxe6 8.
Bxe6 Neg4 9. Bxg4 O-O 10. Bf3 c5 11. Nc3 Rb8 12. Nge2 b6 13. Bf4 Rc8 14. O-O c4
15. dxc4 Rxc4 16. Qxd8 Bxd8 17. Rad1 a5 18. Rd3 Be7 19. Rfd1 Bb4 20. a3 Bc5 21.
h3 Ne8 22. R1d2 Nf6 23. Nd5 Rd8 24. Nxf6+ gxf6 25. Rxd8+ Kg7 26. R8d7 b5 27. Be3
Bxe3 28. fxe3 b4 29. a4 b3 30. cxb3 Rb4 31. Bd5 1-0

[Event "AUTO-OPEN-1047"]
[Site "http://www.queenalice.com/game.php?id=367760"]
[Date "2008.3.8"]
[Round "1"]
[White "janosik"]
[Black "kierm"]
[Result "1-0"]
[WhiteElo "1929"]
[BlackElo "1608"]

1. e4 e5 2. d4 exd4 3. Nf3 c5 4. Bc4 Qf6 5. O-O h6 6. e5 Qg6 7. c3 dxc3 8. Nxc3
d6 9. exd6 Bxd6 10. Re1+ Ne7 11. Bb5+ Bd7 12. Bxd7+ Nxd7 13. Nd5 Rc8 14. Nxe7
Bxe7 15. Bf4 Rc6 16. Qa4 a6 17. Rad1 b5 18. Qa5 Qf6 19. Ne5 Qxf4 20. Nxc6 Qf6
21. Qd8# 1-0

[Event "AUTO-OPEN-1047"]
[Site "http://www.queenalice.com/game.php?id=367761"]
[Date "2008.3.8"]
[Round "1"]
[White "kierm"]
[Black "janosik"]
[Result "0-1"]
[WhiteElo "1565"]
[BlackElo "1928"]

1. e4 d5 2. exd5 Nf6 3. Nc3 Nxd5 4. Nxd5 Qxd5 5. d4 Nc6 6. Be3 e5 7. dxe5 Qxd1+
8. Rxd1 Nxe5 9. Bf4 Bd6 10. Bb5+ Bd7 11. Bxd7+ Nxd7 12. Bxd6 cxd6 13. Rxd6 O-O-O
14. Nf3 Rhe8+ 15. Kd1 Kc7 16. Rd3 Nc5 17. Rxd8 Rxd8+ 18. Kc1 f6 19. Re1 Rd7 20.
a3 a5 21. h3 h5 22. b3 b5 23. Nh4 g5 24. Nf5 h4 25. Ne3 Ne4 26. Ng4 f5 27. Ne3
f4 28. Ng4 Nc3 29. Ne5 Re7 30. Kb2 b4 31. a4 Re6 32. Nd3 Rxe1 33. Nxe1 Nd1+ 34.
Kc1 Nxf2 0-1

[Event "AUTO-OPEN-1047"]
[Site "http://www.queenalice.com/game.php?id=367774"]
[Date "2008.3.8"]
[Round "1"]
[White "Drifter"]
[Black "kierm"]
[Result "0-1"]
[WhiteElo "1775"]
[BlackElo "1507"]

1. e4 e5 2. Nf3 d6 3. Bc4 h6 4. O-O Qe7 5. d3 Be6 6. Bxe6 fxe6 7. d4 exd4 8.
Nxd4 Qf6 9. Qh5+ g6 10. Qb5+ Nd7 0-1

[Event "AUTO-INT-824"]
[Site "http://www.queenalice.com/game.php?id=367971"]
[Date "2008.3.8"]
[Round "1"]
[White "scott2770"]
[Black "kierm"]
[Result "1-0"]
[WhiteElo "1824"]
[BlackElo "1563"]

1. d4 d5 2. c4 dxc4 3. Nf3 c6 4. Nc3 h6 5. e4 b5 6. a4 b4 7. Na2 b3 8. Nc3 Be6
9. Bf4 Qb6 10. Rc1 Nf6 11. Ne5 Nbd7 12. Nxc4 Qb4 13. Qd3 Bxc4 14. Qxc4 Qa5 15.
Qxb3 e6 16. Bd3 Bb4 17. O-O O-O 18. Na2 Be7 19. Rxc6 Nb6 20. Nc3 Rfd8 21. Be5
Nfd7 22. Qb5 Qxb5 23. Nxb5 Nxa4 24. b3 Nb2 25. Bc2 Nxe5 26. dxe5 Rd2 27. f3 a6
28. Nd6 a5 29. Rf2 Rxf2 30. Kxf2 a4 31. bxa4 Nxa4 32. Bxa4 Rxa4 33. Rc8+ Bf8 34.
Kg3 Ra2 35. Kh3 Ra5 36. f4 Ra7 37. f5 Rd7 38. Kg4 exf5+ 39. exf5 Re7 40. Kf4 f6
41. e6 Ra7 42. g3 Ra6 43. Ne4 Ra7 44. h4 Re7 45. Nc5 Ra7 46. Nd7 Ra4+ 47. Kf3
Ra3+ 48. Kg4 Ra4+ 49. Kh3 1-0

[Event "AUTO-INT-824"]
[Site "http://www.queenalice.com/game.php?id=367972"]
[Date "2008.3.8"]
[Round "1"]
[White "kierm"]
[Black "scott2770"]
[Result "0-1"]
[WhiteElo "1605"]
[BlackElo "1786"]

1. e4 e5 2. Bc4 Nf6 3. d3 Nc6 4. Bg5 Be7 5. h3 d6 6. Qf3 O-O 7. Nc3 Nd4 8. Qd1
Bd7 9. Nf3 c5 10. O-O Qb6 11. Bxf6 Bxf6 12. Rb1 Be7 13. Nd5 Qd8 14. Nxe7+ Qxe7
15. Nd2 Be6 16. Bxe6 Qxe6 17. a3 Rad8 18. Nc4 d5 19. exd5 Qxd5 20. Ne3 Qc6 21.
Nc4 Rfe8 22. Rc1 Nf5 23. Qg4 g6 24. Rcd1 Rd4 25. Qe2 e4 26. Ne3 exd3 27. cxd3
Nh4 28. Qd2 Rxe3 29. f3 Re8 30. Rc1 Nf5 31. Rc3 b5 32. Rfc1 c4 33. Kh1 Ng3+ 34.
Kh2 Ne2 35. Re1 Nxc3 36. bxc3 Rxd3 37. Qc2 Rxe1 38. Qf2 Qd6+ 0-1

[Event "AUTO-INT-891"]
[Site "http://www.queenalice.com/game.php?id=398622"]
[Date "2008.5.6"]
[Round "1"]
[White "kierm"]
[Black "CJ"]
[Result "0-1"]
[WhiteElo "1596"]
[BlackElo "1601"]

1. e4 e5 2. Qh5 Nf6 3. Qxe5+ Be7 4. Bc4 d6 5. Qc3 O-O 6. d3 Be6 7. Nd2 Bxc4 8.
Qxc4 c6 9. Ngf3 d5 10. exd5 cxd5 11. Qb3 b6 12. O-O Nc6 13. Re1 Bc5 14. h3 Ne7
0-1

[Event "AUTO-INT-891"]
[Site "http://www.queenalice.com/game.php?id=398623"]
[Date "2008.5.6"]
[Round "1"]
[White "CJ"]
[Black "kierm"]
[Result "1-0"]
[WhiteElo "1617"]
[BlackElo "1580"]

1. e4 e5 2. Nf3 d6 3. d4 exd4 4. Nxd4 Nf6 5. Bg5 h6 6. Bb5+ c6 7. Ba4 hxg5 8.
O-O Nxe4 9. Re1 d5 10. f3 Bc5 11. fxe4 O-O 12. c3 Re8 13. Nd2 Nd7 14. exd5 1-0

[Event "AUTO-INT-891"]
[Site "http://www.queenalice.com/game.php?id=398624"]
[Date "2008.5.6"]
[Round "1"]
[White "kierm"]
[Black "nelsoncxc"]
[Result "0-1"]
[WhiteElo "1557"]
[BlackElo "1560"]

1. e4 e6 2. d4 d5 3. exd5 exd5 4. Qe2+ Qe7 5. Be3 Nf6 6. Nc3 c6 7. Nf3 Ng4 8. h3
Nxe3 9. fxe3 Bf5 10. O-O-O b5 11. a3 a5 12. g4 Bg6 13. Re1 b4 14. axb4 axb4 0-1

[Event "AUTO-INT-891"]
[Site "http://www.queenalice.com/game.php?id=398625"]
[Date "2008.5.6"]
[Round "1"]
[White "nelsoncxc"]
[Black "kierm"]
[Result "1-0"]
[WhiteElo "1576"]
[BlackElo "1541"]

1. d4 d5 2. c4 dxc4 3. e3 b5 4. a4 c6 5. axb5 cxb5 6. Qf3 Qc7 7. Qxa8 Nc6 8. Nc3
b4 9. Nb5 Qd7 10. d5 Ne5 11. Rxa7 Qf5 12. Rc7 Kd8 13. f4 Nf6 14. h3 1-0